| 000 | 00980nam a22002657i 4500 | ||
|---|---|---|---|
| 003 | DO-SdBNP | ||
| 005 | 20230804111840.0 | ||
| 006 | a||||gr|||| 00| 0 | ||
| 007 | ta | ||
| 008 | 230804t2009 dr ||||| |||| 00| 0 spa d | ||
| 020 | _a9789945421668 | ||
| 040 |
_aDO-SdBNP _bspa _cBNPHU _erda |
||
| 082 | 4 |
_222 _bC352n |
|
| 245 |
_aNo dejes que te cuenten: _bensayos, un cuento y reflexiones. / _cJosé Henry Castillo; cuidado de edición, Abel Catellanos; foto de portada, Ingrid Arias; prólogo, Juan Salvador Tavárez |
||
| 300 |
_a144 páginas : _c22 cm. |
||
| 336 |
_2rdacontent _atexto _btxt |
||
| 337 |
_2rdamedia _asin mediación _bn |
||
| 338 |
_2rdacarrier _avolumen _bnc |
||
| 500 | _aIncluye datos biográficos del autor en las solapas de las cubiertas. | ||
| 590 | _aInventariado 2023 / MF | ||
| 700 | 1 |
_aCastellanos, Abel, _945174 _eeditor |
|
| 700 | 1 |
_aArias, Ingrid, _efoto de portada _983880 |
|
| 700 | 1 |
_aTavarez, Juan Salvador, _955338 _eprólogo |
|
| 942 |
_2ddc _cLBS1 |
||
| 999 |
_c54322 _d54322 |
||